| 000 | 00503nam a22001817a 4500 | ||
|---|---|---|---|
| 003 | UWml | ||
| 005 | 20140310182810.0 | ||
| 008 | 130218t xxu||||| |||| 00| 0 eng d | ||
| 020 | _a0471085367 | ||
| 050 |
_aRT 42 _b.F35 1983 |
||
| 245 |
_aFamily health, a theoretical approach to nursing care _cImelda W. Clements, Florence B. Roberts |
||
| 260 |
_aNew York _bWiley _cc1983 |
||
| 300 |
_axix, 402 p. : _c24 cm. _bill. ; |
||
| 521 | _aNUR | ||
| 562 | _e1 | ||
| 942 |
_2lcc _cBK _kFOR |
||
| 999 |
_c16152 _d16152 |
||